000 00703nam a22002417a 4500
003 DO-SdBPM
005 20241209081906.0
008 161027b2007 sp 00| 0 spa d
020 _a9972209288
040 _aDO-SdBPM
_bspa
_cBPMSU
082 4 _a863.3
_bF587h 2007
_222
245 0 3 _aEl Flautista de Hamelín
260 _aChina :
_bLexus Editores,
_c2007
300 _a43 p. :
_bil. ;
_c21 cm
490 0 _aCuentos infantiles,
_v9
590 _aInventariado, 2024/VM
650 4 _aCuentos infantiles españoles
650 4 _aLiteratura infantil española
650 4 _aLibros ilustrados para niños
710 2 _aLexus Editores
910 _aVMateo V. Control de calidad BPMSU
942 _2ddc
_cBK
999 _c14880
_d14880